SOCIOCOGNITIVE PERSPECTIVES ON LANGUAGE USE AND LANGUAGE LEARNING (Record no. 4020)

MARC details
000 -LEADER
fixed length control field 00447nam a22001577a 4500
003 - CONTROL NUMBER IDENTIFIER
control field OSt
005 - DATE AND TIME OF LATEST TRANSACTION
control field 20230406135605.0
008 - FIXED-LENGTH DATA ELEMENTS--GENERAL INFORMATION
fixed length control field 230406b |||||||| |||| 00| 0 eng d
020 ## - INTERNATIONAL STANDARD BOOK NUMBER
International Standard Book Number 978-0-19-442477-6
040 ## - CATALOGING SOURCE
Transcribing agency CML
082 ## - DEWEY DECIMAL CLASSIFICATION NUMBER
Classification number 401.93BAT
245 ## - TITLE STATEMENT
Title SOCIOCOGNITIVE PERSPECTIVES ON LANGUAGE USE AND LANGUAGE LEARNING
Statement of responsibility, etc. BY BASTONE, ROB
260 ## - PUBLICATION, DISTRIBUTION, ETC.
Place of publication, distribution, etc. OXFORD
Name of publisher, distributor, etc. OXFORD UNIVERSITY PRESS
Date of publication, distribution, etc. 2010
300 ## - PHYSICAL DESCRIPTION
Extent xiv,252p.
942 ## - ADDED ENTRY ELEMENTS (KOHA)
Source of classification or shelving scheme Dewey Decimal Classification
Koha item type Books
Call number prefix 401.93
Call number suffix BAT
Holdings
Withdrawn status Lost status Source of classification or shelving scheme Damaged status Not for loan Collection code Home library Current library Shelving location Date acquired Total Checkouts Full call number Barcode Date last seen Copy number Price effective from Koha item type
    Dewey Decimal Classification     Language Chalimbana Main Library Chalimbana Main Library Language 04/06/2023   401.93BAT 9780194424776 04/06/2023 1 04/06/2023 Books

Powered by Koha